| 000 | 00807nam a2200241 i 4500 | ||
|---|---|---|---|
| 001 | 7419 | ||
| 003 | ES-MaACL | ||
| 005 | 20250809050644.0 | ||
| 007 | t| | ||
| 008 | 901219s1990 sp ||||1| spa d | ||
| 020 | _a84-7600-651-9 | ||
| 080 | _a371.2 | ||
| 100 | 1 |
_aSantos, Miguel Angel. _9103485 |
|
| 245 | 1 | 0 |
_aHacer visible lo cotidiano _b: teoria practica de la evaluacion cualitativa de centros escolares / _cMiguel Angel Santos. |
| 260 |
_aMadrid : _bAkal, _cD.L. 1990. |
||
| 300 |
_a207 p. ; _c22 cm. |
||
| 490 | 1 |
_aAkal universitaria. Serie Pedagogía ; _v137 |
|
| 504 | _aBibliogr.: p. 195-202. | ||
| 650 | 1 | 4 |
_aEstudiantes- _xEvaluación. _912571 |
| 830 | 0 | 0 |
_aAkal universitaria. _pPedagogía _v137 _9227891 |
| 852 |
_aES-MaACL _jL-14657 _bR.118701 _z. - rust. |
||
| 999 |
_c7419 _d7419 |
||